000
00315nam a2200133Ia 4500
008
150201s2004 xx 000 0 und d
082
_a
616.1
_b
R04R
100
_a
RATH, GOURA K.
245
_a
TB. OF RADIATION ONCOLOGY
260
_b
ELSEVIER
_a
DELHI
_c
2004
300
_a
1-822
650
_a
PATHOLOGY
942
_2
ddc
_c
BK
999
_c
306
_d
306